Normal view MARC view
  • Davis Langdon Mott Green Wall

Entry Corporate Name

Number of records used in: 9

001 - CONTROL NUMBER

  • control field: 4650

003 - CONTROL NUMBER IDENTIFIER

  • control field: OSt

005 - DATE AND TIME OF LATEST TRANSACTION

  • control field: 20190806150235.0

008 - FIXED-LENGTH DATA ELEMENTS

  • fixed length control field: 041013 a

040 ## - CATALOGING SOURCE

  • Original cataloging agency: OSt
  • Transcribing agency: OSt

110 ## - HEADING--CORPORATE NAME

  • Corporate name or jurisdiction name as entry element: Davis Langdon Mott Green Wall